Statistics for Flags of the Southern African Development Community

Click here to take the quiz!

General Stats

  • This quiz has been taken 22 times
  • The average score is 15 of 16

Answer Stats

Answer% Correct
Lesotho
100%
South Africa
100%
Angola
94%
Democratic Republic of the Congo
94%
Eswatini
94%
Mozambique
94%
Seychelles
94%
Tanzania
94%
Zambia
94%
Zimbabwe
94%
Botswana
89%
Comoros
89%
Malawi
89%
Namibia
89%
Madagascar
83%
Mauritius
83%

Score Distribution

Percentile by Number Answered

Percent of People with Each Score

Your Score History

You have not taken this quiz